|
|
|
|
| LEADER |
00000nab a2200000 a 4500 |
| 001 |
vtls010088015 |
| 003 |
SK-MaSNL |
| 005 |
20260304160956.0 |
| 008 |
250507c2010 xo mr|p|||||||000 b|slo |
| 015 |
|
|
|a SNBRB2010/04
|2 snkbucl
|
| 035 |
|
|
|a (sysno)vtls010088015
|
| 035 |
|
|
|a urn:nbn:sk:snk-ab6jw0
|
| 035 |
|
|
|a (uuid)9c032269-a88e-44d9-b639-69efaecaa458
|
| 035 |
|
|
|a (urnnbn)urn:nbn:sk:snk:ar-004v5y
|
| 038 |
|
|
|a SNKBUCL
|
| 040 |
|
|
|a SNKBUCL
|b slo
|c SNKBUCL
|e AACR2
|
| 041 |
0 |
|
|a slo
|
| 044 |
|
|
|a xo
|c SK
|
| 080 |
|
|
|a 792.83:792.5
|2 2001
|
| 080 |
|
|
|a 792.5:792.83
|2 2001
|
| 100 |
1 |
|
|a Maťo, Peter
|4 aut
|9 340557
|
| 245 |
1 |
0 |
|a Slovenské tanečné Everst(ík)y a jeho hrdinovia
|c Peter Maťo
|
| 300 |
|
|
|b Fotogr.
|
| 500 |
|
|
|a Libreto: Z. Mistríková a O. Šoth. Réžia: O. Šoth. Dramaturgia: Z. Mistríková. Choreografia: J. Kubánka a i.
|
| 610 |
2 |
7 |
|a Štátne divadlo Košice
|2 snkbucl
|9 120184
|
| 630 |
0 |
7 |
|a M. R. Štefánik (tanečná inscenácia)
|2 snkbucl
|9 1084196
|
| 650 |
0 |
7 |
|a tanec
|2 snkbucl
|9 743
|
| 650 |
0 |
7 |
|a tanečné inscenácie
|2 snkbucl
|9 687531
|
| 655 |
|
7 |
|a recenzie
|2 snkbucl
|9 21907
|
| 773 |
0 |
|
|t KOD
|g Roč. 4, č. 4 (2010), s. 32-37
|x 1337-1800
|
| 850 |
|
|
|a Slovenská národná knižnica
|
| 852 |
|
|
|a Slovenská národná knižnica
|
| 954 |
|
|
|a odborná, vedecká literatúra pôvodná (slovenská)
|2 lita
|
| 958 |
|
|
|a article2022
|
| 958 |
|
|
|a RC
|
| 958 |
|
|
|a OND
|
| 958 |
|
|
|a EUIPO
|
| 999 |
|
|
|c 2969440
|d 2971370
|